| 000 | 00728nam a2200229 i 4500 | ||
|---|---|---|---|
| 001 | bg | ||
| 245 | 1 | 0 |
_aBadania ekologiczno-gleboznawcze / _cRenata Bednarek [et al.]. |
| 260 |
_aWarszawa : _bWydaw. Naukowe PWN, _c2004. |
||
| 300 |
_a343 s., [24] s. tabl. : _bil. (w tym fot., mapy kolor.) ; _c24 cm. |
||
| 504 | _aBibliogr. | ||
| 650 | 9 | _aGleboznawstwo | |
| 655 | _aPodręczniki akademickie | ||
| 700 | 1 | _aBEDNAREK, Renata | |
| 020 | _a8301142162 | ||
| 040 | _cBPK | ||
| 041 | 0 | _apol | |
| 080 | _a631.4:504.5 | ||
| 920 | _a83-01-14216-2 | ||
| 942 | _cKS | ||
| 008 | s pl f |000 0 pol | ||
| 999 |
_c44874 _d44874 |
||
| 856 |
_uhttp://koha.tu.koszalin.pl/cgi-bin/koha/opac-detail.pl?biblionumber=44874 _yKatalog online BPK |
||